| 000 | 01438nam a2200265Ia 4500 | ||
|---|---|---|---|
| 999 |
_c56197 _d56197 |
||
| 001 | 23298 | ||
| 003 | GE_BSU | ||
| 005 | 20251118192920.0 | ||
| 008 | 181216s1983||||ge |||||||||||||| ||geo|| | ||
| 040 | _cGE_BSU | ||
| 041 | _ageo | ||
| 080 | _a94(5)"15/18"(075.8) + 94(6)"15/18"(075.8) დ-74 | ||
| 100 |
_aდონაძე, ვარლამ _910224 |
||
| 245 |
_aაზიისა და აფრიკის ქვეყნების ახალი ისტორია. ნაწ. 2 : _b 1870-1918 წწ. / _cვარლამ დონაძე ; რედ. ლ. გულაშვილი. |
||
| 250 | _aმეორე გადამუშ. და შევსებ. გამოცემა | ||
| 264 |
_aთბილისი : _bგანათლება, _c1983. |
||
| 300 |
_a447 გვ. ; _c22 სმ. |
||
| 504 | _aბიბლიოგრაფია ტექსტის შენიშვნებში | ||
| 541 | _h1ლ. 60თ. | ||
| 653 | _aაზიის ქვეყნების ახალი ისტორია | ||
| 653 | _aაზიისა და აფრიკის ქვეყნების ახალი ისტორია. ნაწ. 2 : 1870-1918 წწ. | ||
| 653 | _aაფრიკის ქვეყნების ახალი ისტორია | ||
| 700 |
_aგულაშვილი, ლ. _eრედაქტორი _91830 |
||
| 942 |
_cBK _2udc |
||